Statystyki dla Przyłącz losowe państwo Azji do jego stolicy

Kliknij tutaj aby rozwiązać quiz!

Ogólne statystyki

  • Ten quiz został rozwiązany 13 240 razy
  • Średni wynik to 7 z 10

Statystyki odpowiedzi

StolicaPaństwo% Poprawnych
PekinChiny
97%
TokioJaponia
97%
JerozolimaIzrael
95%
Nowe DelhiIndie
92%
SingapurSingapur
92%
SeulKorea Południowa
91%
AnkaraTurcja
91%
KuwejtKuwejt
90%
PjongjangKorea Północna
87%
BangkokTajlandia
86%
Ułan BatorMongolia
84%
Abu ZabiZjednoczone Emiraty Arabskie
83%
NikozjaCypr
82%
TeheranIran
81%
TbilisiGruzja
77%
DamaszekSyria
75%
HanoiWietnam
75%
BakuAzerbejdżan
74%
TajpejTajwan
74%
Sri Dźajawardanapura KotteSri Lanka
73%
DżakartaIndonezja
70%
RijadArabia Saudyjska
69%
ErywańArmenia
68%
IslamabadPakistan
67%
BagdadIrak
66%
Kuala LumpurMalezja
66%
KabulAfganistan
63%
DohaKatar
63%
ManilaFilipiny
62%
BejrutLiban
62%
Nur-SułtanKazachstan
57%
KatmanduNepal
55%
Phnom PenhKambodża
52%
WientianLaos
51%
DhakaBangladesz
47%
BiszkekKirgistan
47%
TaszkentUzbekistan
47%
MaleMalediwy
45%
AmmanJordania
44%
MaskatOman
41%
AszchabadTurkmenistan
39%
SanaJemen
38%
NaypyidawMjanma
37%
DuszanbeTadżykistan
36%
ThimphuBhutan
35%
Bandar Seri BegawanBrunei
34%
DiliTimor Wschodni
29%
ManamaBahrajn
26%

Rozkład punktacji

Percentyl według liczby udzielonych odpowiedzi

Procent ludzi z każdym wynikiem

Twoja historia wyników

Nie rozwiązałeś tego quizu